<?xml version="1.0" encoding="UTF-8"?>
<resp>
  <nextPage>https://data.bn.org.pl/api/networks/bibs.marcxml?marc=001+b10000009867312&amp;sinceId=10000009867313</nextPage>
  <collection>
    <record xmlns='http://www.loc.gov/MARC21/slim'><leader>02318naa a2200625 i 4500</leader><controlfield tag='001'>b10000009867312</controlfield><controlfield tag='005'>20250226044653.8</controlfield><controlfield tag='008'>210611s2021    pl           |000 0 pol c</controlfield><controlfield tag='009'>9912213945005606</controlfield><datafield ind1=' ' ind2=' ' tag='015'><subfield code='a'>BZCz 2021/27660</subfield></datafield><datafield ind1='7' ind2=' ' tag='024'><subfield code='a'>10.53122/ISSN.0452-5027/2021.1.10</subfield><subfield code='2'>doi</subfield></datafield><datafield ind1='7' ind2=' ' tag='024'><subfield code='a'>10.53122/ISSN.0452-5027/2021.1.11</subfield><subfield code='2'>doi</subfield></datafield><datafield ind1=' ' ind2=' ' tag='035'><subfield code='a'>(PL)b10000009867312</subfield></datafield><datafield ind1=' ' ind2=' ' tag='040'><subfield code='a'>WA N</subfield><subfield code='c'>WA N</subfield><subfield code='d'>WA N</subfield></datafield><datafield ind1='0' ind2=' ' tag='041'><subfield code='a'>pol</subfield><subfield code='a'>eng</subfield></datafield><datafield ind1='0' ind2=' ' tag='045'><subfield code='b'>d2021</subfield></datafield><datafield ind1=' ' ind2=' ' tag='046'><subfield code='k'>2021</subfield></datafield><datafield ind1=' ' ind2=' ' tag='080'><subfield code='8'>1.1\x</subfield><subfield code='a'>351+354(045/046)</subfield></datafield><datafield ind1='1' ind2=' ' tag='100'><subfield code='a'>Mazur, Jacek</subfield><subfield code='c'>(prawo)</subfield><subfield code='e'>Autor</subfield></datafield><datafield ind1='1' ind2='0' tag='245'><subfield code='a'>Kontrole szybkiego reagowania:</subfield><subfield code='b'>nowa forma pracy NOK = Reactive and rapid auditing : new forms of SAIs work /</subfield><subfield code='c'>dr Jacek Mazur.</subfield></datafield><datafield ind1='3' ind2='1' tag='246'><subfield code='a'>Reactive and rapid auditing :</subfield><subfield code='b'>new forms of SAIs work</subfield></datafield><datafield ind1=' ' ind2=' ' tag='260'><subfield code='c'>2021.</subfield></datafield><datafield ind1=' ' ind2=' ' tag='336'><subfield code='a'>Tekst</subfield><subfield code='b'>txt</subfield><subfield code='2'>rdacontent</subfield></datafield><datafield ind1=' ' ind2=' ' tag='337'><subfield code='a'>Bez urządzenia pośredniczącego</subfield><subfield code='b'>n</subfield><subfield code='2'>rdamedia</subfield></datafield><datafield ind1=' ' ind2=' ' tag='338'><subfield code='a'>Wolumin</subfield><subfield code='b'>nc</subfield><subfield code='2'>rdacarrier</subfield></datafield><datafield ind1=' ' ind2=' ' tag='380'><subfield code='a'>Artykuły</subfield></datafield><datafield ind1=' ' ind2=' ' tag='380'><subfield code='a'>Publikacje naukowe</subfield></datafield><datafield ind1='1' ind2=' ' tag='388'><subfield code='a'>2001-</subfield></datafield><datafield ind1=' ' ind2=' ' tag='504'><subfield code='a'>Bibliografia na stronie 48, 72-73.</subfield></datafield><datafield ind1=' ' ind2=' ' tag='546'><subfield code='a'>Tekst równolegle w języku polskim i angielskim.</subfield></datafield><datafield ind1=' ' ind2='7' tag='648'><subfield code='a'>2001-</subfield><subfield code='2'>DBN</subfield></datafield><datafield ind1=' ' ind2='7' tag='650'><subfield code='a'>Kontrola państwowa</subfield><subfield code='2'>DBN</subfield></datafield><datafield ind1=' ' ind2='7' tag='651'><subfield code='a'>Polska</subfield><subfield code='2'>DBN</subfield></datafield><datafield ind1=' ' ind2='7' tag='655'><subfield code='a'>Artykuł problemowy</subfield><subfield code='2'>DBN</subfield></datafield><datafield ind1=' ' ind2='7' tag='655'><subfield code='a'>Artykuł z czasopisma naukowego</subfield><subfield code='2'>DBN</subfield></datafield><datafield ind1=' ' ind2=' ' tag='658'><subfield code='a'>Polityka, politologia, administracja publiczna</subfield></datafield><datafield ind1=' ' ind2=' ' tag='658'><subfield code='a'>Prawo i wymiar sprawiedliwości</subfield></datafield><datafield ind1='0' ind2=' ' tag='773'><subfield code='i'>W:</subfield><subfield code='t'>Kontrola Państwowa.</subfield><subfield code='x'>0452-5027</subfield><subfield code='g'>R. 66, nr 2 (2021), s. 25-73</subfield><subfield code='w'>(PL)b0000001497113</subfield></datafield><datafield ind1=' ' ind2=' ' tag='852'><subfield code='b'>48OMNIS_NETWORK</subfield><subfield code='8'>9912213945005606</subfield></datafield><datafield ind1=' ' ind2=' ' tag='852'><subfield code='b'>48OMNIS_NLOP</subfield><subfield code='8'>991052898655305066</subfield></datafield><datafield ind1=' ' ind2=' ' tag='950'><subfield code='u'>https://eu05.alma.exlibrisgroup.com/view/uresolver/48OMNIS_NETWORK/openurl?u.ignore_date_coverage=true&amp;portfolio_pid=53705990720005066&amp;Force_direct=true</subfield><subfield code='z'>Zobacz w Polonie</subfield><subfield code='8'>53705990720005066</subfield></datafield></record>
  </collection>
</resp>
